Výskum trhu ako predpoklad úspešného podnikania : Diplomová práca

Gespeichert in:
Bibliographische Detailangaben
1. Verfasser: Žák, Ivan (Verfasst von)
Weitere Verfasser: Szantai, Richard (xxx)
Format: Manuskript Buch
Sprache:Slowakisch
Veröffentlicht: Trnava : STU v Bratislave MtF KMK, 1998
Schlagworte:
Tags: Tag hinzufügen
Keine Tags, Fügen Sie das erste Tag hinzu!

MARC

LEADER 00000ntm a22000003a 4500
001 stu56590
005 20160719155144.4
008 010205s1998----xo------------------slo-d
040 |a STU  |b slo 
041 0 |a slo 
044 |a xo 
100 1 |a Žák, Ivan  |4 aut 
245 1 |a Výskum trhu ako predpoklad úspešného podnikania :  |b Diplomová práca 
260 |a Trnava :  |b STU v Bratislave MtF KMK,  |c 1998 
300 |a 67 s  |c výťah 
650 7 |a Trhy-výskum-uplatnenie  |2 stusub 
650 7 |a podnikanie  |2 stusub 
650 7 |a manažment priemyselných podnikov  |2 stusub 
700 1 |a Szantai, Richard  |4 xxx 
996 |b 284M023805  |c M*DP-590  |l MMSKP  |s P  |a 0  |w stu56590_0001